000 00686nam a2200289Ia 4500
005 20260324122052.0
008 008 260324s9999 xx 000 0 eng d
020 _a9780203182574
037 _aEBOOK
040 _aCRL
040 _beng
040 _cCRL
041 _2eng
041 _aeng
084 _qCRL
100 _aCharles Stoner; Jason Stoner
_91164985
245 0 _aBuilding Leaders
245 0 _bPaving the Path for Emerging Leaders
260 _bTaylor and Francis
260 _c2013
365 _a
365 _b170
856 _uhttp://www.taylorfrancis.com/books/9780203182574
942 _cEBOOK
999 _c1757464
_d1757464